| 000 | 00687cam a2200229 a 4500 | ||
|---|---|---|---|
| 001 | 2108383 | ||
| 005 | 20231130004931.0 | ||
| 008 | 960823s1997 nyu b 000 0 eng | ||
| 020 | _a0415915368 (hb : alk. paper) | ||
| 020 | _a0415915376 (pbk. : alk. paper) | ||
| 040 |
_aDLC _cDLC _dDLC |
||
| 082 | 0 | 0 |
_a305.42. _220 |
| 245 | 0 | 0 |
_aFeminist social thought : _ba reader / _cedited by Diana Tietjens Meyers. |
| 260 |
_aNew York : _bRoutledge, _c1997. |
||
| 300 | _ax, 772 p. ; | ||
| 650 | 0 | _aFeminist theory. | |
| 650 | 0 | _aFeminist ethics. | |
| 650 | 0 | _aWomen | |
| 700 | 1 |
_aMeyers, Diana T. _eedt |
|
| 856 | 4 | 2 | _uhttp://www.loc.gov/catdir/enhancements/fy0651/96041609-d.html |
| 942 | _cL | ||
| 999 |
_c102 _d102 |
||